Normal view
MARC view
Entry Uniform Title
001 - CONTROL NUMBER
- control field: 15828
003 - CONTROL NUMBER IDENTIFIER
- control field: dpl
005 - DATE AND TIME OF LATEST TRANSACTION
- control field: 20100821113824.0
008 - FIXED-LENGTH DATA ELEMENTS
- fixed length control field: 100821|||a|||||| | ||| d
040 ## - CATALOGING SOURCE
- Original cataloging agency: dpl
- Transcribing agency: dpl
130 ## - HEADING--UNIFORM TITLE
- Uniform title: Maktaba Al Hasanat Publication Series No.:122
670 ## - SOURCE DATA FOUND
- Source citation: Work cat.: (dpl)41033: Abdul Hai 15827, Stories of messengers /, 2008
670 ## - SOURCE DATA FOUND
- Source citation: Work cat.: (dpl)41033: Abdul Hai 15827, Stories of messengers /, 2008
